The noble scholar, jurist, historian


 His Excellency Dr. Abdul Wahhab bin Ibrahim Abu Sulaiman, may Allah have mercy on him.


 He was born in Umm Al-Qura in the year 1356 AH.

تفسير الخطيب المكي / (Record no. 14079)

MARC details
000 -LEADER
fixed length control field 01013cam a22002651ia4500
003 - CONTROL NUMBER IDENTIFIER
control field SA-RiAUC
005 - DATE AND TIME OF LATEST TRANSACTION
control field 20260114145323.0
008 - FIXED-LENGTH DATA ELEMENTS--GENERAL INFORMATION
fixed length control field 260101s1957 sy g 00010 ara c
040 ## - CATALOGING SOURCE
Original cataloging agency SA-MaUQU
Language of cataloging ara
Transcribing agency SA-RiAUC
Description conventions rda
082 04 - DEWEY DECIMAL CLASSIFICATION NUMBER
Classification number 227.6
Assigning agency SA-RiAUC
090 ## - LOCALLY ASSIGNED LC-TYPE CALL NUMBER (OCLC); LOCAL CALL NUMBER (RLIN)
Classification number (OCLC) (R) ; Classification number, CALL (RLIN) (NR) م ن 227.6
Local cutter number (OCLC) ; Book number/undivided call number, CALL (RLIN) خ ط ي
100 1# - MAIN ENTRY--PERSONAL NAME
Personal name الخطيب، السيد عبد الحميد.
Relator term مؤلف.
245 10 - TITLE STATEMENT
Title تفسير الخطيب المكي /
Statement of responsibility, etc. السيد عبد الحميد الخطيب.
250 ## - EDITION STATEMENT
Edition statement الطبعة الأولى.
264 #1 - PRODUCTION, PUBLICATION, DISTRIBUTION, MANUFACTURE, AND COPYRIGHT NOTICE
Place of production, publication, distribution, manufacture دمشق :
Name of producer, publisher, distributor, manufacturer [الناشر غير محدد]،
Date of production, publication, distribution, manufacture, or copyright notice 1957
264 #3 - PRODUCTION, PUBLICATION, DISTRIBUTION, MANUFACTURE, AND COPYRIGHT NOTICE
Place of production, publication, distribution, manufacture دمشق :
Name of producer, publisher, distributor, manufacturer مطبعة الترقي :
-- مطبعة دار الفكر ا|لإسلامي
300 ## - PHYSICAL DESCRIPTION
Extent 30 مجلد ؛
Dimensions 24 سم
336 ## - CONTENT TYPE
Content type term نص
Content type code txt
Source rdacontent
Materials specified كتاب
337 ## - MEDIA TYPE
Media type term بدون وسيط
Media type code n
Source rdamedia
338 ## - CARRIER TYPE
Carrier type term مجلد
Carrier type code nc
Source rdacarrier
630 27 - SUBJECT ADDED ENTRY--UNIFORM TITLE
Uniform title القرآن
General subdivision تفاسير حديثة
Source of heading or term aucut
730 22 - ADDED ENTRY--UNIFORM TITLE
Uniform title القرآن
942 ## - ADDED ENTRY ELEMENTS (KOHA)
Source of classification or shelving scheme Dewey Decimal Classification
Koha item type كتاب مصور نادر
Suppress in OPAC No
949 ## - LOCAL PROCESSING INFORMATION (OCLC)
a SA-JeALM
d 260101
u mohamedma123
n 1
Holdings
Withdrawn status Lost status Source of classification or shelving scheme Materials specified (bound volume or other part) Damaged status Not for loan Home library Current library Date acquired Total checkouts Full call number Barcode Date last seen Price effective from Koha item type
    Dewey Decimal Classification الجزء الاول     DR AbdElwahab Library DR AbdElwahab Library 01/14/2026   م ن 227.6 خ ط ي 000022349 01/14/2026 01/14/2026 كتاب مصور نادر
    Dewey Decimal Classification الجزء الثالث     DR AbdElwahab Library DR AbdElwahab Library 01/14/2026   م ن 227.6 خ ط ي 000022350 01/14/2026 01/14/2026 كتاب مصور نادر
    Dewey Decimal Classification الجزء الثامن والعشرون     DR AbdElwahab Library DR AbdElwahab Library 01/14/2026   م ن 227.6 خ ط ي 000022497 01/14/2026 01/14/2026 كتاب مصور نادر
    Dewey Decimal Classification الجزء الثامن والعشرون     DR AbdElwahab Library DR AbdElwahab Library 01/14/2026   م ن 227.6 خ ط ي 000022498 01/14/2026 01/14/2026 كتاب مصور نادر
    Dewey Decimal Classification الجزء الثلاثون     DR AbdElwahab Library DR AbdElwahab Library 01/14/2026   م ن 227.6 خ ط ي 000022499 01/14/2026 01/14/2026 كتاب مصور نادر
    Dewey Decimal Classification الجزء الثلاثون     DR AbdElwahab Library DR AbdElwahab Library 01/14/2026   م ن 227.6 خ ط ي 000022500 01/14/2026 01/14/2026 كتاب مصور نادر
    Dewey Decimal Classification الجزء الاول     DR AbdElwahab Library DR AbdElwahab Library 01/14/2026   م ن 227.6 خ ط ي 000022339 01/14/2026 01/14/2026 كتاب مصور نادر
    Dewey Decimal Classification الجزء الرابع     DR AbdElwahab Library DR AbdElwahab Library 03/07/2026   م ن 227.6 خ ط ي 000022979 03/07/2026 03/07/2026 كتاب مصور نادر
    Dewey Decimal Classification الجزء السادس     DR AbdElwahab Library DR AbdElwahab Library 03/07/2026   م ن 227.6 خ ط ي 000022987 03/07/2026 03/07/2026 كتاب مصور نادر
    Dewey Decimal Classification الجزء السادس     DR AbdElwahab Library DR AbdElwahab Library 03/07/2026   م ن 227.6 خ ط ي 000022988 03/07/2026 03/07/2026 كتاب مصور نادر
    Dewey Decimal Classification الجزء الثاني     DR AbdElwahab Library DR AbdElwahab Library 03/07/2026   م ن 227.6 خ ط ي 000022989 03/07/2026 03/07/2026 كتاب مصور نادر